[Event "Lazy Baltic Pearl op-A 19th"]
[Site "Lazy"]
[Date "2023.06.29"]
[Round "4"]
[White "Borkowski, Szymon"]
[Black "Wilgosz, Szczepan"]
[Result "1/2-1/2"]
[WhiteElo "1629"]
[BlackElo "1650"]
[PlyCount "64"]
[EventDate "2023.06.26"]
[EventType "swiss"]
[EventRounds "9"]
[EventCountry "POL"]
[SourceTitle "CBM 215 Extra"]
[Source "ChessBase"]
[SourceDate "2023.09.30"]
[SourceVersion "1"]
[SourceVersionDate "2023.09.30"]
[SourceQuality "1"]

1. d4 d5 2. c4 c6 3. Nc3 Nf6 4. e3 e6 5. Nf3 Nbd7 6. Bd3 dxc4 7. Bxc4 b5 8. Bd3 Bb7 9. 0-0 a6 10. e4 c5 11. d5 c4 12. Bc2 Qc7 13. a3 0-0-0 14. Bg5 Bd6 15. b3 Ne5 16. Nd4 Ng6 17. bxc4 Bxh2+ 18. Kh1 Be5 19. Rc1 Kb8 20. Nce2 bxc4 21. dxe6 fxe6 22. Bb3 Bxd4 23. Nxd4 e5 24. Rxc4 Qe7 25. Nc6+ Bxc6 26. Qb1 Bb7 27. Rfc1 Rc8 28. Ba4 Rxc4 29. Rxc4 Rc8 30. Rb4 Qc7 31. Rb6 Nd7 32. Rc6 Qxc6 1/2-1/2

[Event "Lazy Baltic Pearl op-A 19th"]
[Site "Lazy"]
[Date "2023.06.28"]
[Round "3"]
[White "Wilgosz, Szczepan"]
[Black "Hiszczynski, Jakub"]
[Result "1/2-1/2"]
[WhiteElo "1650"]
[BlackElo "1977"]
[PlyCount "134"]
[EventDate "2023.06.26"]
[EventType "swiss"]
[EventRounds "9"]
[EventCountry "POL"]
[SourceTitle "CBM 215 Extra"]
[Source "ChessBase"]
[SourceDate "2023.09.30"]
[SourceVersion "1"]
[SourceVersionDate "2023.09.30"]
[SourceQuality "1"]

1. e4 d5 2. exd5 Qxd5 3. Nc3 Qd6 4. d4 Nf6 5. Nf3 a6 6. g3 Nc6 7. Bg2 Bg4 8. Bf4 Qb4 9. 0-0 0-0-0 10. a3 Qc4 11. h3 Rxd4 12. Qe1 Bxf3 13. Bxf3 Rxf4 14. gxf4 Qxf4 15. Bxc6 bxc6 16. Qe3 Qxe3 17. fxe3 e6 18. e4 Bd6 19. Kg2 Be5 20. Rfe1 Rd8 21. Rad1 Rd6 22. Rxd6 cxd6 23. Nd1 Nd7 24. c3 f5 25. Nf2 Nc5 26. Kf3 Kd7 27. exf5 exf5 28. Rd1 g5 29. Rg1 h6 30. Ke3 d5 31. Nd3 Bd6 32. b4 Ne4 33. Kd4 Ke6 34. Nc5+ Nxc5 35. bxc5 Be5+ 36. Kd3 a5 37. Rb1 g4 38. hxg4 fxg4 39. Rb6 Kd7 40. Ra6 g3 41. Ke3 Bxc3 42. Ra7+ Ke6 43. Rh7 d4+ 44. Kd3 Kf5 45. Ke2 Kg6 46. Rd7 h5 47. Kf3 h4 48. Rd8 Kf7 49. Rh8 Ke6 50. Rxh4 Kd5 51. Ke2 Kc4 52. Rg4 g2 53. Rxg2 d3+ 54. Ke3 d2 55. Ke2 Kxc5 56. Rg4 Bb2 57. Kxd2 Bxa3 58. Kc3 Bb4+ 59. Kd3 Kb5 60. Rg8 Bd6 61. Rd8 Bf4 62. Rf8 Bd6 63. Rd8 Bb4 64. Rb8+ Kc5 65. Rh8 a4 66. Rh5+ Kb6 67. Kc4 Be7 1/2-1/2

[Event "POL-ch U13 Qual"]
[Site "Jastrzebia Gora"]
[Date "2021.11.21"]
[Round "9"]
[White "Wilgosz, Szczepan"]
[Black "Zmuda, Tomasz"]
[Result "0-1"]
[WhiteElo "1297"]
[BlackElo "1343"]
[PlyCount "160"]
[EventDate "2021.11.15"]
[EventType "swiss"]
[EventRounds "9"]
[EventCountry "POL"]
[SourceTitle "EXT 2023"]
[Source "ChessBase"]
[SourceDate "2022.10.05"]
[SourceVersion "1"]
[SourceVersionDate "2022.10.05"]
[SourceQuality "1"]

1. e4 c5 2. Nf3 Nc6 3. d4 cxd4 4. Nxd4 Qb6 5. Nb3 Nf6 6. Nc3 e6 7. Qe2 Bb4 8. Bd2 0-0 9. a3 Be7 10. 0-0-0 Qc7 11. f4 d6 12. g4 a6 13. g5 Ne8 14. h4 b5 15. g6 h6 16. gxf7+ Rxf7 17. Bh3 b4 18. axb4 Nxb4 19. Kb1 a5 20. Nd4 e5 21. Be6 exd4 22. Bxf7+ Kxf7 23. Qh5+ Kf8 24. e5 a4 25. Qg6 a3 26. bxa3 dxc3 27. e6 Bf6 28. Bxc3 Rxa3 29. Bxf6 Qxc2+ 30. Qxc2 Nxc2 31. Bb2 Bxe6 32. Kxc2 Rf3 33. Rdf1 Bf5+ 34. Kc1 Rg3 35. Rf2 Nf6 36. Bxf6 gxf6 37. Rhh2 Be4 38. Kd2 Ke7 39. Re2 f5 40. Ref2 Kf6 41. Rf1 Ra3 42. Rff2 d5 43. Re2 Kg6 44. h5+ Kf6 45. Ke1 d4 46. Ra2 Rc3 47. Ra6+ Ke7 48. Ra7+ Kd6 49. Ra6+ Kc5 50. Rxh6 Rc1+ 51. Kf2 Rc2+ 52. Kg3 d3 53. Ra6 d2 54. Ra1 Rc1 55. Ra5+ Kb4 56. Rxd2 Kxa5 57. h6 Rg1+ 58. Kh4 Rg4+ 59. Kh5 Bf3 60. Rf2 Bd5 61. h7 Bf7+ 62. Kh6 Rg6+ 63. Kh5 Rg2+ 64. Kh6 Rxf2 65. Kg7 Rh2 66. Kxf7 Rxh7+ 67. Kg6 Ra7 68. Kxf5 Kb6 69. Ke6 Kc6 70. f5 Ra1 71. f6 Re1+ 72. Kf7 Kd7 73. Kg7 Ke6 74. f7 Rg1+ 75. Kf8 Rf1 76. Kg8 Rxf7 77. Kh8 Ra7 78. Kg8 Kf6 79. Kh8 Kg6 80. Kg8 Ra8# 0-1

[Event "POL-ch U13 Qual"]
[Site "Jastrzebia Gora"]
[Date "2021.11.19"]
[Round "7"]
[White "Wilgosz, Szczepan"]
[Black "Nocek, Dominik"]
[Result "1/2-1/2"]
[WhiteElo "1297"]
[BlackElo "1428"]
[PlyCount "146"]
[EventDate "2021.11.15"]
[EventType "swiss"]
[EventRounds "9"]
[EventCountry "POL"]
[SourceTitle "EXT 2023"]
[Source "ChessBase"]
[SourceDate "2022.10.05"]
[SourceVersion "1"]
[SourceVersionDate "2022.10.05"]
[SourceQuality "1"]

1. e4 e5 2. Nf3 Nc6 3. Bb5 a6 4. Ba4 Nf6 5. d4 exd4 6. 0-0 Be7 7. Re1 b5 8. Bb3 d6 9. Bd5 Nxd5 10. exd5 Ne5 11. Nxd4 0-0 12. a4 Bd7 13. Nc3 b4 14. Ne4 Qe8 15. f4 Ng6 16. f5 Ne5 17. f6 Bxf6 18. Nxf6+ gxf6 19. Bh6 Kh8 20. Bxf8 Qxf8 21. Qh5 Bg4 22. Qh4 Qg7 23. Re3 f5 24. Qf2 Rg8 25. Rg3 Qg5 26. h3 f4 27. Rxg4 Nxg4 28. hxg4 Qxg4 29. Rf1 h5 30. Qf3 h4 31. Qxg4 Rxg4 32. Rf3 Rg5 33. Rxf4 Rxd5 34. Rxh4+ Kg7 35. Nb3 Rd1+ 36. Kf2 c5 37. Rc4 Rb1 38. Kf3 Kf6 39. Ke4 Ke6 40. Kd3 Rxb2 41. Rh4 Rb1 42. Rh8 Kd5 43. Rh5+ Kc6 44. Na5+ Kd7 45. Nb3 Rg1 46. Rg5 Rf1 47. Rg8 Kc7 48. Ra8 Kb7 49. Rf8 Rf4 50. Na5+ Kb6 51. Nc4+ Kc7 52. Ne3 Kb7 53. Rd8 Rd4+ 54. Ke2 Kb6 55. Rf8 Ka5 56. Rxf7 Kxa4 57. g4 c4 58. Rc7 d5 59. Rd7 b3 60. cxb3+ cxb3 61. Rxd5 Rb4 62. Rd1 b2 63. Rb1 Kb3 64. Nd1 Rxg4 65. Rxb2+ Ka3 66. Rb8 Rb4 67. Ra8 Rb6 68. Kd3 Kb3 69. Ne3 Rd6+ 70. Ke4 Kb4 71. Ke5 Rh6 72. Nd5+ Kc5 73. Nc7 a5 1/2-1/2

[Event "Polanica Zdroj op-F 56th"]
[Site "Polanica Zdroj"]
[Date "2020.08.23"]
[Round "9"]
[White "Wilgosz, Szczepan"]
[Black "Zenker, Bernard"]
[Result "1/2-1/2"]
[WhiteElo "1378"]
[BlackElo "1325"]
[PlyCount "35"]
[EventDate "2020.08.15"]
[EventType "swiss"]
[EventRounds "9"]
[EventCountry "POL"]
[SourceTitle "CBM 198 Extra"]
[Source "ChessBase"]
[SourceDate "2020.11.30"]
[SourceVersion "1"]
[SourceVersionDate "2020.11.30"]
[SourceQuality "1"]

1. e4 c5 2. Nc3 a6 3. Bc4 e6 4. f4 b5 5. Be2 Bb7 6. d3 Nf6 7. Nf3 d5 8. e5 d4 9. exf6 dxc3 10. fxg7 Bxg7 11. bxc3 Bxc3+ 12. Bd2 Bxa1 13. Qxa1 Rg8 14. 0-0 Nd7 15. Rf2 Rc8 16. Bc3 Bd5 17. Ng5 h6 18. Ne4 1/2-1/2

[Event "Polanica Zdroj op-F 56th"]
[Site "Polanica Zdroj"]
[Date "2020.08.22"]
[Round "8"]
[White "Bieronski, Nikodem"]
[Black "Wilgosz, Szczepan"]
[Result "1/2-1/2"]
[WhiteElo "1136"]
[BlackElo "1378"]
[PlyCount "170"]
[EventDate "2020.08.15"]
[EventType "swiss"]
[EventRounds "9"]
[EventCountry "POL"]
[SourceTitle "CBM 198 Extra"]
[Source "ChessBase"]
[SourceDate "2020.11.30"]
[SourceVersion "1"]
[SourceVersionDate "2020.11.30"]
[SourceQuality "1"]

1. e4 c5 2. d4 cxd4 3. c3 Nf6 4. e5 Nd5 5. cxd4 Nc6 6. g3 d6 7. exd6 Qxd6 8. Bg2 g6 9. Nc3 Nxc3 10. bxc3 Bg7 11. Nf3 0-0 12. 0-0 Be6 13. Bf4 Qd7 14. Ng5 Bd5 15. Ne4 b6 16. f3 Rfd8 17. Nf2 Rac8 18. Rc1 Bxa2 19. Ng4 Na5 20. Bh3 Kf8 21. Nf2 Be6 22. g4 Nc4 23. Re1 Qd5 24. Ne4 h6 25. Bg2 a5 26. Ra1 Ra8 27. Nd2 Ra7 28. Nxc4 Qxc4 29. Qc1 g5 30. Be5 f6 31. Bg3 Bd5 32. Bf1 Qc6 33. f4 Rc8 34. Ra3 b5 35. Qb2 Bc4 36. Bg2 Qb6 37. Bf2 Qd6 38. f5 Ra6 39. Bb7 Rcc6 40. Bg3 Qd5 41. Bxa6 Rxa6 42. Bc7 a4 43. Re3 Kf7 44. Ra1 Bb3 45. Rae1 Bf8 46. Qe2 Qd7 47. Bg3 e6 48. fxe6+ Bxe6 49. h3 Bc4 50. Qc2 Kg7 51. Re8 a3 52. Rb8 Bd6 53. Bxd6 Qxd6 54. Rb7+ Bf7 55. Ree7 Qg3+ 56. Qg2 Qxg2+ 57. Kxg2 a2 58. Rxf7+ Kg8 59. Rfc7 Ra8 60. Ra7 a1Q 61. Rxa1 Rxa1 62. Rb7 Rc1 63. Rxb5 Rxc3 64. Rb6 Kf7 65. Kf2 Rxh3 66. Rb7+ Ke6 67. Kg2 Rd3 68. Rb6+ Kd5 69. Rxf6 Rxd4 70. Kg3 Rd3+ 71. Kg2 Rd4 72. Kg3 Rd3+ 73. Kg2 Ke4 74. Kf2 Rh3 75. Kg2 Rh4 76. Kg3 h5 77. gxh5 Rxh5 78. Kg4 Rh1 79. Kxg5 Rg1+ 80. Kh6 Ke5 81. Rf7 Ke6 82. Ra7 Kf6 83. Kh7 Kf5 84. Kh8 Kf6 85. Rg7 Rxg7 1/2-1/2

[Event "POL-chT U20 2nd League"]
[Site "Sypniewo"]
[Date "2020.??.??"]
[Round "9.64"]
[White "Wilgosz, Szczepan"]
[Black "Lewek, Jakub"]
[Result "1-0"]
[WhiteElo "1371"]
[BlackElo "1260"]
[PlyCount "57"]
[EventDate "2020.10.23"]
[EventType "team-swiss"]
[EventRounds "9"]
[EventCountry "POL"]
[SourceTitle "CBM 199 Extra"]
[Source "ChessBase"]
[SourceDate "2021.01.31"]
[SourceVersion "1"]
[SourceVersionDate "2021.01.31"]
[SourceQuality "1"]

1. e4 c5 2. Nc3 e6 3. f4 a6 4. a4 b6 5. Nf3 Bb7 6. d3 d6 7. g3 Nd7 8. Bg2 e5 9. fxe5 Nxe5 10. Nxe5 dxe5 11. 0-0 Nf6 12. Bg5 Be7 13. Qf3 h6 14. Bxf6 Bxf6 15. Kh1 0-0 16. b3 Be7 17. Bh3 Kh8 18. Qh5 Qd4 19. Nd5 Bxd5 20. exd5 Rad8 21. Bg2 f5 22. Rac1 f4 23. gxf4 Bd6 24. fxe5 Rxf1+ 25. Bxf1 Be7 26. Bg2 Bh4 27. Rf1 Bg5 28. b4 Qxe5 29. Qg6 1-0